000 00370 a2200169 4500
001 13245
020 _a9788526020542
040 _cAnchieta - Aquarius
100 _aFrança, Mary
240 1 0 _aCacho de histórias
_lpor
245 1 0 _aCacho de histórias
300 _a
362 0 _a2014
440 1 _aGlobal
650 4 _aLiteratura infanto-juvenil
942 _cBK
999 _c13245
_d13245